[Event "EuTCh"]
[Site "Plovdiv BUL"]
[Date "2003.10.11"]
[Round "1"]
[White "Kempinski,R"]
[Black "Vasilev,M"]
[Result "1/2-1/2"]
[WhiteElo "2561"]
[BlackElo "2451"]
[EventDate "2003.10.10"]

1. d4 Nf6 2. Nf3 e6 3. c4 c5 4. e3 b6 5. Nc3 Bb7 6. Be2 cxd4 7. exd4 d5 8.
O-O Be7 9. cxd5 Nxd5 10. Bb5+ Bc6 11. Bxc6+ Nxc6 12. Qa4 Qd7 13. Nxd5 Qxd5
14. Be3 O-O 15. Rac1 b5 16. Qd1 Rac8 17. Qe2 a6 18. a4 Na5 19. axb5 Qxb5
20. Qxb5 axb5 21. Rxc8 Rxc8 22. Ra1 Nc4 23. Ra7 Kf8 24. b3 Nxe3 25. fxe3 f6
26. Rb7 b4 27. d5 Rc1+ 28. Kf2 Rc2+ 29. Kf1 exd5 30. Nd4 Rb2 31. Rd7 g6 32.
Rxd5 f5 33. Rb5 Bd6 34. h3 h5 35. Rb6 Ke7 36. Rc6 h4 37. Rc2 Rb1+ 38. Ke2
Kd7 39. Rd2 Ke7 40. Rd1 Rxd1 41. Kxd1 Kf6 42. Ke2 g5 43. Kd3 g4 44. e4
fxe4+ 45. Kxe4 gxh3 46. gxh3 Bg3 47. Nf5 Be1 48. Ne3 Kg5 49. Nd5 Bd2 50.
Kd3 Be1 51. Ke2 Bg3 52. Nxb4 Kf5 53. Nd5 Ke4 54. Nc3+ Kd4 55. Na4 Bd6 56.
Kd2 Bb4+ 57. Ke2 Bd6 58. Kf3 Kd3 59. Kg4 Be7 60. Nb6 Bd8 61. Nd5 Kd4 62.
Nb4 Kc3 63. Nc6 Bf6 64. Kf5 Bg7 65. Ne7 Kxb3 66. Ng6 Bc3 67. Nxh4 Be1 68.
Ng2 Bg3 69. Ke4 Kc4 1/2-1/2

[Event "EuTCh"]
[Site "Plovdiv BUL"]
[Date "2003.10.11"]
[Round "1"]
[White "Gunnarsson,J"]
[Black "Babula,V"]
[Result "0-1"]
[WhiteElo "2419"]
[BlackElo "2567"]
[EventDate "2003.10.10"]

1. e4 e5 2. Nf3 Nc6 3. Bc4 Bc5 4. c3 Nf6 5. d3 O-O 6. Nbd2 a6 7. Bb3 Ba7 8.
h3 h6 9. O-O d6 10. Nc4 Be6 11. Be3 Bxc4 12. Bxc4 Na5 13. Bb3 Nxb3 14. Qxb3
Bxe3 15. fxe3 b5 16. a4 c6 17. axb5 axb5 18. Rxa8 Qxa8 19. Nh4 Qd8 20. Nf5
g6 21. Ng3 Kg7 22. Qb4 Qc7 23. Ra1 Rb8 24. Ra6 c5 25. Qa5 Qxa5 26. Rxa5 c4
27. Ra6 b4 28. Rxd6 bxc3 29. bxc3 Rb1+ 30. Kf2 h5 31. Ne2 Rd1 0-1

[Event "EuTCh"]
[Site "Plovdiv BUL"]
[Date "2003.10.11"]
[Round "1"]
[White "Stocek,J"]
[Black "Kristjansson,S"]
[Result "1-0"]
[WhiteElo "2545"]
[BlackElo "2403"]
[EventDate "2003.10.10"]

1. d4 Nf6 2. c4 e6 3. Nc3 Bb4 4. Nf3 c5 5. g3 Nc6 6. Bg2 Ne4 7. Bd2 Nxd2 8.
Qxd2 cxd4 9. Nxd4 Ne5 10. b3 Qa5 11. Rc1 O-O 12. O-O a6 13. Rfd1 Rb8 14.
Qe3 f6 15. a4 b6 16. h3 Bb7 17. Bxb7 Rxb7 18. Ne4 Rc7 19. Nf3 Nxf3+ 20.
Qxf3 Qe5 21. Qd3 Rd8 22. h4 h6 23. Nd2 Bxd2 24. Qxd2 d5 25. Rc3 d4 26. Rd3
Rcd7 27. e3 dxe3 28. Rxd7 exd2 29. Rxd8+ Kh7 30. R8xd2 Qc3 31. Rd3 Qc2 32.
R1d2 Qb1+ 33. Kh2 e5 34. a5 bxa5 35. Rc3 a4 36. bxa4 Qb4 37. Rcc2 Qxa4 38.
c5 Qc6 39. h5 f5 40. Rd6 Qe4 41. Rb2 Qf3 42. c6 Qxh5+ 43. Kg1 f4 44. c7 Qh3
45. Rb3 Qc8 46. Rc3 fxg3 1-0

[Event "EuTCh"]
[Site "Plovdiv BUL"]
[Date "2003.10.11"]
[Round "1"]
[White "Neubauer,M"]
[Black "Pavasovic,D"]
[Result "1/2-1/2"]
[WhiteElo "2434"]
[BlackElo "2586"]
[EventDate "2003.10.10"]

1. e4 e5 2. Nf3 Nc6 3. Bb5 a6 4. Ba4 Nf6 5. O-O Be7 6. d3 d6 7. c3 Bg4 8.
Nbd2 O-O 9. h3 Bh5 10. g4 Bg6 11. Nh4 Nd7 12. Nf5 Bg5 13. Bxc6 bxc6 14. d4
Re8 15. dxe5 Bxd2 16. Bxd2 Rxe5 17. f3 Bxf5 18. exf5 Qh4 19. Kg2 Rae8 20.
Rf2 Nb6 21. Qf1 a5 22. Re1 Qe7 23. Rxe5 Qxe5 24. Qd3 Na4 25. b3 Nc5 26. Qc4
Qd5 27. Qxd5 cxd5 28. Kf1 a4 29. b4 Nd7 30. Re2 Kf8 31. Bf4 Rxe2 32. Kxe2
Ke7 33. Kd3 c6 34. Kd4 Nb6 35. h4 Kd7 36. h5 Nc4 37. h6 gxh6 38. Bxh6 Na3
39. Bg7 Nb5+ 40. Kd3 1/2-1/2

[Event "EuTCh"]
[Site "Plovdiv BUL"]
[Date "2003.10.11"]
[Round "1"]
[White "Thorfinnsson,Br"]
[Black "Jirovsky,M"]
[Result "0-1"]
[WhiteElo "2388"]
[BlackElo "2521"]
[EventDate "2003.10.10"]

1. d4 Nf6 2. c4 e6 3. Nf3 d5 4. e3 c5 5. a3 dxc4 6. Bxc4 a6 7. O-O b5 8.
Be2 Bb7 9. dxc5 Bxc5 10. Qxd8+ Kxd8 11. b4 Bd6 12. Nbd2 Nbd7 13. Bb2 Ke7
14. Rfc1 Rhc8 15. Nb3 Bd5 16. Nfd4 Nb6 17. Na5 Kd7 18. Nf3 Na4 19. Ne5+ Ke8
20. Bd4 Nd7 21. Nxd7 Kxd7 22. Bd3 e5 23. e4 exd4 24. exd5 g6 25. Nc6 Bf4
26. Rc2 Kd6 27. g3 Bh6 28. Bf1 Bg7 29. Rd1 Nc3 30. Rdd2 Nxd5 31. Nxd4 Bxd4
32. Rxc8 Rxc8 33. Rxd4 Ke5 34. Rd1 Rc3 35. f4+ Ke6 36. Bh3+ f5 37. Bg2 Ne3
38. Re1 Kd6 39. Bb7 Rxa3 40. Bxa6 Rxa6 41. Rxe3 Kd5 42. Re7 h5 43. Kf2 Kc4
44. Rc7+ Kxb4 45. Ke3 Rd6 46. Rc8 Ka3 47. h3 b4 48. Ra8+ Kb2 49. g4 hxg4
50. hxg4 fxg4 51. Kf2 Rd3 0-1

[Event "EuTCh"]
[Site "Plovdiv BUL"]
[Date "2003.10.11"]
[Round "1"]
[White "Pavlovic,Mi"]
[Black "Bakalarz,M"]
[Result "1-0"]
[WhiteElo "2569"]
[BlackElo "2320"]
[EventDate "2003.10.10"]

1. e4 c5 2. Nf3 e6 3. d4 cxd4 4. Nxd4 Nf6 5. Nc3 Nc6 6. Ndb5 Bb4 7. a3
Bxc3+ 8. Nxc3 d5 9. Bd3 dxe4 10. Nxe4 Nxe4 11. Bxe4 Qxd1+ 12. Kxd1 Bd7 13.
Be3 O-O-O 14. Ke2 Kb8 15. Rhd1 f5 16. Bf3 e5 17. Kf1 Be6 18. Rxd8+ Rxd8 19.
Rd1 Bc4+ 20. Ke1 e4 21. Rxd8+ Nxd8 22. Bf4+ Kc8 23. Bd1 Ne6 24. Be5 Kd7 25.
Kd2 Bf1 26. g3 Kc6 27. b3 b5 28. f4 Kd5 29. Kc1 Bh3 30. Be2 Nd4 31. c4+
bxc4 32. Bxc4+ Kc5 33. Kd2 Nf3+ 34. Kc3 Nxe5 35. fxe5 g5 36. b4+ Kc6 37.
Kd4 Bg2 38. Be6 Bh3 39. a4 Kc7 40. Bg8 h5 41. b5 1-0

[Event "EuTCh"]
[Site "Plovdiv BUL"]
[Date "2003.10.11"]
[Round "1"]
[White "Gallagher,Jo"]
[Black "McMahon,D"]
[Result "1-0"]
[WhiteElo "2522"]
[BlackElo "2221"]
[EventDate "2003.10.10"]

1. e4 e5 2. Nf3 Nc6 3. Bb5 Nf6 4. O-O Bc5 5. c3 Nxe4 6. d4 exd4 7. cxd4 Bb6
8. d5 Ne7 9. Bd3 Nxf2 10. Rxf2 Bxf2+ 11. Kxf2 Nxd5 12. Nc3 Nf6 13. Qe2+ Kf8
14. Bg5 c6 15. Ne4 Nxe4+ 16. Qxe4 f6 17. Be3 d5 18. Qh4 Be6 19. Bc5+ Kg8
20. Re1 Bf7 21. Nd4 Qa5 22. b4 Qxa2+ 23. Re2 Qa1 24. Nf5 Bg6 25. Bd4 Qc1
26. Re7 Qd2+ 27. Be2 Bf7 28. Be3 Qb2 29. Qg3 Bg6 30. Rxg7+ Kf8 1-0

[Event "EuTCh"]
[Site "Plovdiv BUL"]
[Date "2003.10.11"]
[Round "1"]
[White "Nyback,T"]
[Black "Jobava,Ba"]
[Result "1-0"]
[WhiteElo "2497"]
[BlackElo "2605"]
[EventDate "2003.10.10"]

1. Nf3 Nf6 2. c4 g6 3. Nc3 Bg7 4. e4 d6 5. d4 O-O 6. Be2 e5 7. d5 Na6 8.
Bg5 Qe8 9. Nd2 Nd7 10. O-O f6 11. Bh4 h5 12. a3 Bh6 13. b4 Qe7 14. h3 b6
15. Nb3 Qg7 16. Kh1 Kh8 17. Bd3 Rg8 18. Rg1 Nf8 19. Bg3 f5 20. exf5 gxf5
21. Qxh5 e4 22. Bf4 Kh7 23. g4 Ng6 24. gxf5 Nxf4 25. Rxg7+ Rxg7 26. Qh4
exd3 27. Ne4 Bxf5 28. Nf6+ Kg6 29. Rg1+ Kf7 30. Qxh6 Rxg1+ 31. Kxg1 Ne2+
32. Kh2 Bg6 33. Nh5 Rg8 34. Qg5 Bxh5 35. Qxh5+ Rg6 36. Qh7+ Kf6 37. Nd2 Nf4
38. Qh4+ Kf5 39. Kh1 c5 40. Qe7 Rf6 41. b5 Nb8 42. Ne4 Nd7 43. Ng3+ Kg6 44.
Qxd7 d2 45. Qg4+ Kf7 46. Qd1 Nxh3 47. Qxd2 Rxf2 48. Qh6 Nf4 49. Qxd6 Rf3
50. Qe5 Rf2 51. d6 Ne6 52. Ne4 1-0

[Event "EuTCh"]
[Site "Plovdiv BUL"]
[Date "2003.10.11"]
[Round "1"]
[White "Georgiev,Ki"]
[Black "Haznedaroglu,K"]
[Result "1-0"]
[WhiteElo "2651"]
[BlackElo "2305"]
[EventDate "2003.10.10"]

1. c4 e5 2. g3 Nc6 3. Bg2 g6 4. Nc3 Bg7 5. Rb1 Nf6 6. b4 d6 7. d3 O-O 8. b5
Ne7 9. Qb3 Kh8 10. Nf3 Nd7 11. Ba3 h6 12. O-O f5 13. Rfd1 g5 14. c5 Nxc5
15. Bxc5 dxc5 16. Na4 Qd6 17. Nd2 Rb8 18. Nc4 Qd4 19. e3 Qg4 20. Nxc5 f4
21. Qa3 Qh5 22. Ne4 Ng6 23. Qxa7 Bh3 24. Ncd2 Bxg2 25. Kxg2 f3+ 26. Kh1 Qh3
27. Nxf3 Ra8 28. Qxb7 Rxa2 29. Rd2 Rxd2 30. Nfxd2 Qd7 31. b6 Qxd3 32. bxc7
Qc2 33. Ra1 1-0

[Event "EuTCh"]
[Site "Plovdiv BUL"]
[Date "2003.10.11"]
[Round "1"]
[White "Markowski,T"]
[Black "Genov,Peta"]
[Result "0-1"]
[WhiteElo "2610"]
[BlackElo "2494"]
[EventDate "2003.10.10"]

1. g3 c5 2. Bg2 g6 3. c4 Bg7 4. Nc3 Nc6 5. Nf3 e6 6. d4 Nxd4 7. Nxd4 cxd4
8. Ne4 Qc7 9. c5 Ne7 10. Bf4 Qa5+ 11. Bd2 Qc7 12. Nd6+ Kf8 13. Rc1 Nf5 14.
Qb3 Be5 15. Nc4 Bf6 16. O-O Kg7 17. Qa3 Be7 18. b4 d5 19. Nb6 axb6 20. Qxa8
bxc5 21. bxc5 Bd7 22. Qa7 Bb5 23. Rfe1 Bc4 24. Bb4 h5 25. Bf3 e5 26. a3 Rc8
27. Bg2 Qd7 28. Rc2 Qb5 29. c6 Rxc6 30. Bxe7 Nxe7 31. Qb8 Re6 32. Rcc1 Nc6
33. Qc8 Re7 34. Rb1 Qa6 35. f4 d3 36. e3 d2 37. Red1 Qxa3 38. Rxd2 Qxe3+
39. Rf2 Nd4 40. Rbb2 exf4 41. gxf4 Qc1+ 42. Bf1 Re1 0-1

[Event "EuTCh"]
[Site "Plovdiv BUL"]
[Date "2003.10.11"]
[Round "1"]
[White "Theoocharides,C"]
[Black "Zelcic,R"]
[Result "0-1"]
[WhiteElo "2105"]
[BlackElo "2552"]
[EventDate "2003.10.10"]

1. e4 c6 2. d4 d5 3. e5 c5 4. dxc5 Nc6 5. Bb5 e6 6. Be3 Nge7 7. c3 Bd7 8.
Bxc6 Bxc6 9. Bd4 Nf5 10. Nf3 Nxd4 11. Qxd4 Qa5 12. b4 Qa6 13. Qe3 b6 14.
cxb6 axb6 15. Nd4 Bd7 16. Nd2 Be7 17. f4 O-O 18. Kf2 f6 19. N2f3 Qa3 20.
Rhb1 g5 21. Rb3 Qa6 22. Kg1 gxf4 23. Qxf4 Qc4 24. Nd2 Qc7 25. Qg4+ Kh8 26.
Nxe6 Bxe6 27. Qxe6 fxe5 28. Nf3 e4 29. Nd4 Bd6 30. Qh3 Qc4 31. Rb2 Ra3 32.
Rb3 Rxa2 33. Rbb1 Be5 34. Ne6 Rff2 35. Rxa2 Qxa2 36. Rd1 Rf6 37. Rf1 Rxf1+
38. Kxf1 Qa1+ 39. Kf2 Qb2+ 40. Kf1 Qc1+ 41. Kf2 Qd2+ 42. Kf1 Bxc3 43. Qg3
Qd1+ 0-1

[Event "EuTCh"]
[Site "Plovdiv BUL"]
[Date "2003.10.11"]
[Round "1"]
[White "David,Alb"]
[Black "Damljanovic,B"]
[Result "1-0"]
[WhiteElo "2560"]
[BlackElo "2589"]
[EventDate "2003.10.10"]

1. d4 Nf6 2. c4 g6 3. Nc3 Bg7 4. e4 d6 5. Nf3 O-O 6. Be2 e5 7. O-O Na6 8.
Be3 Ng4 9. Bg5 Qe8 10. dxe5 dxe5 11. h3 f6 12. Bd2 Nh6 13. c5 c6 14. Bxa6
bxa6 15. Bxh6 Bxh6 16. Qa4 Rf7 17. Rfd1 Bf8 18. b4 Rb8 19. a3 Rbb7 20. Nd2
Qe6 21. Nb3 Rfd7 22. Na5 Rbc7 23. Rxd7 Bxd7 24. Rd1 f5 25. Rd2 f4 26. Qd1
g5 27. Qe2 Bc8 28. Rd8 Kg7 29. Nc4 Be7 30. Rd1 f3 31. Qd3 fxg2 32. Nd6 Bxd6
33. cxd6 Rf7 34. Kxg2 Qh6 35. Qg3 Qf6 36. Na4 h5 37. Nc5 h4 38. Qe3 Bd7 39.
Rd3 Kh6 40. Qd2 Kh5 41. Qe2+ Kg6 42. Rf3 Qxd6 43. Rxf7 Kxf7 44. Qh5+ Kf8
45. Qh8+ Ke7 46. Qg7+ Ke8 47. Qg8+ Ke7 48. Qxg5+ Kf7 49. Qh5+ Kg7 50. Qg5+
Kf7 51. Qxh4 Be8 52. Qh7+ Kf8 53. Qxa7 Qg6+ 54. Kh2 Qh6 55. Nd3 Qd2 56.
Qc5+ Kg8 57. Qxe5 Bg6 58. Qg3 Kh7 59. Ne5 Be8 60. Ng4 Bf7 61. Qe5 Bg6 62.
Qe7+ 1-0

[Event "EuTCh"]
[Site "Plovdiv BUL"]
[Date "2003.10.11"]
[Round "1"]
[White "Tiviakov,S"]
[Black "Arlandi,E"]
[Result "1-0"]
[WhiteElo "2601"]
[BlackElo "2438"]
[EventDate "2003.10.10"]

1. e4 c5 2. Nf3 e6 3. c3 d5 4. exd5 Qxd5 5. d4 Nf6 6. Na3 Qd8 7. Nc2 Nbd7
8. Bd3 Be7 9. O-O O-O 10. Qe2 b6 11. Bf4 Bb7 12. Rad1 Qc8 13. Ne5 cxd4 14.
Nxd4 Nd5 15. Bg3 Nxe5 16. Bxe5 Bf6 17. Rfe1 Bxe5 18. Qxe5 Qc7 19. Qxc7 Nxc7
20. f4 g6 21. Kf2 Rfd8 22. g4 Rd6 23. f5 Rad8 24. Bc2 Kf8 25. fxe6 Nxe6 26.
Rxe6 Rxd4 27. Rxd4 Rxd4 28. cxd4 fxe6 29. Ke3 Bd5 30. a3 Ke7 31. Kf4 Kd6
32. h4 Bc6 33. Kg5 Kd5 34. h5 gxh5 35. gxh5 Kxd4 36. Bxh7 e5 37. h6 a5 38.
Kf6 1-0

[Event "EuTCh"]
[Site "Plovdiv BUL"]
[Date "2003.10.11"]
[Round "1"]
[White "Butnorius,A"]
[Black "Kovalev,A"]
[Result "1/2-1/2"]
[WhiteElo "2424"]
[BlackElo "2572"]
[EventDate "2003.10.10"]

1. d4 Nf6 2. Nf3 g6 3. c4 Bg7 4. g3 O-O 5. Bg2 d6 6. O-O Nc6 7. Nc3 a6 8.
b3 Rb8 9. Nd5 Nh5 10. Bb2 e6 11. Nc3 b5 12. cxb5 axb5 13. e4 b4 14. Na4 Ne7
15. Re1 Bb7 16. Qc2 Qd7 17. Rac1 Rfc8 18. Nd2 Bh6 19. Rcd1 Bc6 20. d5 Bxa4
21. bxa4 e5 22. Nc4 1/2-1/2

[Event "EuTCh"]
[Site "Plovdiv BUL"]
[Date "2003.10.11"]
[Round "1"]
[White "Beliavsky,A"]
[Black "Volkmann,F"]
[Result "1-0"]
[WhiteElo "2667"]
[BlackElo "2452"]
[EventDate "2003.10.10"]

1. d4 d5 2. c4 c6 3. Nf3 Nf6 4. Nc3 e6 5. Bg5 Nbd7 6. cxd5 exd5 7. e3 Be7
8. Bd3 Ne4 9. Bxe7 Qxe7 10. Qc2 Ndf6 11. Ne5 O-O 12. O-O Bf5 13. Na4 Nd7
14. f3 Nxe5 15. dxe5 b5 16. fxe4 dxe4 17. Be2 Qg5 18. Nc5 Qxe3+ 19. Kh1 Bg6
20. Rad1 Rad8 21. Rd6 h5 22. Rfd1 Rc8 23. Bf1 h4 24. Qc3 Qf4 25. Be2 Rfe8
26. e6 f5 27. Rd7 Qh6 28. Qe5 Kh7 29. h3 1-0

[Event "EuTCh"]
[Site "Plovdiv BUL"]
[Date "2003.10.11"]
[Round "1"]
[White "Schroll,G"]
[Black "Borisek,J"]
[Result "1/2-1/2"]
[WhiteElo "2417"]
[BlackElo "2445"]
[EventDate "2003.10.10"]

1. d4 Nf6 2. Nf3 g6 3. Nc3 d5 4. Bf4 c6 5. e3 Nbd7 6. Be2 Bg7 7. Ne5 Nf8 8.
h4 h5 9. Qd2 Ne6 10. Bh2 Nd7 11. O-O-O Nxe5 12. Bxe5 Bxe5 13. dxe5 Qc7 14.
f4 Bd7 15. Bf3 O-O 16. Ne2 f6 17. exf6 exf6 18. e4 dxe4 19. Bxe4 f5 20. Bf3
c5 21. Qd6 Rfe8 22. Qxc7 Nxc7 23. g3 Bc6 24. Bxc6 1/2-1/2

[Event "EuTCh"]
[Site "Plovdiv BUL"]
[Date "2003.10.11"]
[Round "1"]
[White "Fox,An"]
[Black "Landenbergue,C"]
[Result "1/2-1/2"]
[WhiteElo "2126"]
[BlackElo "2441"]
[EventDate "2003.10.10"]

1. e4 c5 2. Nc3 Nc6 3. g3 g6 4. Bg2 Bg7 5. d3 e6 6. Be3 Qa5 7. Qd2 Nd4 8.
f4 d6 9. Nf3 Ne7 10. O-O Bd7 11. Qf2 Qb6 12. Rab1 O-O 13. g4 f5 14. gxf5
exf5 15. e5 dxe5 16. Nxe5 Rad8 17. b4 Bc6 18. Nxc6 bxc6 19. Na4 Qa6 20.
Nxc5 Qxa2 21. Rfc1 Rfe8 22. Kh1 Qf7 23. Nb7 Rd7 24. Nc5 Rdd8 25. Nb7 Rd7
26. Nc5 Rdd8 1/2-1/2

[Event "EuTCh"]
[Site "Plovdiv BUL"]
[Date "2003.10.11"]
[Round "1"]
[White "Cvitan,O"]
[Black "Antoniou,A"]
[Result "1-0"]
[WhiteElo "2516"]
[BlackElo "2208"]
[EventDate "2003.10.10"]

1. Nf3 Nf6 2. d4 g6 3. c4 Bg7 4. g3 d6 5. Bg2 O-O 6. O-O Nc6 7. Nc3 e5 8.
d5 Ne7 9. e4 Nd7 10. b4 a5 11. Ba3 h6 12. bxa5 Rxa5 13. Bb4 Ra8 14. a4 f5
15. Nd2 b6 16. a5 Nc5 17. axb6 Rxa1 18. Qxa1 cxb6 19. Nb5 fxe4 20. Nxe4 Nf5
21. Qa7 Rf7 22. Qa8 Bf8 23. Bxc5 bxc5 24. Ra1 Qd7 25. Ra7 Bb7 26. Nf6+ 1-0

[Event "EuTCh"]
[Site "Plovdiv BUL"]
[Date "2003.10.11"]
[Round "1"]
[White "Kanep,M"]
[Black "Dautov,R"]
[Result "1/2-1/2"]
[WhiteElo "2452"]
[BlackElo "2610"]
[EventDate "2003.10.10"]

1. d4 Nf6 2. Nf3 d5 3. c4 c6 4. e3 a6 5. Bd3 Bg4 6. O-O e6 7. Nbd2 Nbd7 8.
b3 Bd6 9. Bb2 Bf5 10. Qc2 Bxd3 11. Qxd3 O-O 12. Rfd1 a5 13. e4 dxe4 14.
Nxe4 Nxe4 15. Qxe4 a4 16. Bc3 Qe7 17. Qc2 Bb4 18. bxa4 Bxc3 19. Qxc3 Rxa4
20. d5 cxd5 21. cxd5 exd5 22. Rxd5 1/2-1/2

[Event "EuTCh"]
[Site "Plovdiv BUL"]
[Date "2003.10.11"]
[Round "1"]
[White "Sedlak,N"]
[Black "Weber,Je"]
[Result "1/2-1/2"]
[WhiteElo "2528"]
[BlackElo "2186"]
[EventDate "2003.10.10"]

1. e4 c5 2. Nf3 d6 3. Bc4 e6 4. O-O Nf6 5. d3 Be7 6. c3 O-O 7. Bb3 b6 8.
Re1 Bb7 9. Nbd2 Nc6 10. Nf1 Rc8 11. Ng3 Ne5 12. d4 Nxf3+ 13. Qxf3 cxd4 14.
cxd4 d5 15. e5 Ne4 16. Qg4 Nxg3 17. hxg3 Kh8 18. Bf4 Ba6 19. Qf3 Qd7 20. g4
Bb4 21. Rec1 Rxc1+ 22. Rxc1 Rc8 23. Bc2 Rc7 24. Qh3 g6 25. Bg5 Qc8 26. Qf3
Kg8 27. Qd1 Rc4 28. a3 Bf8 29. Bb3 Rxc1 30. Qxc1 Qxc1+ 31. Bxc1 Bd3 32. Bg5
b5 33. Bd2 Be7 34. g5 Kf8 35. f3 Ke8 36. Kf2 Kd7 37. g4 Kc6 38. Ke3 Bb1 39.
Ke2 Kb6 40. Be3 a5 41. a4 Bb4 42. Bd2 Be7 43. Bd1 Ba2 44. Bc2 Bc4+ 45. Ke1
b4 46. f4 Kc6 47. Bd1 Bd8 48. b3 Ba6 49. Kf2 Bb6 50. Be3 Bd8 51. Bc2 Be7
52. f5 Bd8 53. f6 1/2-1/2

[Event "EuTCh"]
[Site "Plovdiv BUL"]
[Date "2003.10.11"]
[Round "1"]
[White "Muir,A"]
[Black "Guseinov,G"]
[Result "1/2-1/2"]
[WhiteElo "2294"]
[BlackElo "2557"]
[EventDate "2003.10.10"]

1. d4 Nf6 2. c4 g6 3. Nc3 Bg7 4. e4 O-O 5. Bg5 d6 6. f3 c5 7. d5 Na6 8. Qd2
e6 9. Nge2 Nc7 10. Ng3 exd5 11. exd5 a6 12. a4 b5 13. axb5 axb5 14. Rxa8
Nxa8 15. Nxb5 Ba6 16. Be2 Bxb5 17. cxb5 Qb6 18. Bc4 Nc7 19. O-O Nfxd5 20.
Ne4 Bd4+ 21. Kh1 Nb4 22. Bf6 d5 23. Bxd4 cxd4 24. Qxb4 dxc4 25. Qxc4 Nxb5
26. Nf6+ Qxf6 27. Qxb5 Qf4 28. Rd1 Rb8 29. Qe2 Qe3 30. Qd2 Kg7 1/2-1/2

[Event "EuTCh"]
[Site "Plovdiv BUL"]
[Date "2003.10.11"]
[Round "1"]
[White "Collins,S IRL"]
[Black "Jenni,F"]
[Result "1/2-1/2"]
[WhiteElo "2387"]
[BlackElo "2522"]
[EventDate "2003.10.10"]

1. e4 e5 2. Nf3 Nc6 3. d4 exd4 4. Nxd4 Nf6 5. Nxc6 bxc6 6. e5 Qe7 7. Qe2
Nd5 8. c4 Ba6 9. b3 O-O-O 10. g3 f6 11. Bg2 fxe5 12. O-O e4 13. Qd2 Nf6 14.
Qa5 Kb7 15. Bf4 d5 16. Nc3 Nh5 17. cxd5 cxd5 18. Nxd5 Qc5 19. Qxc5 Bxc5 20.
Rfc1 Bd4 21. Nxc7 Bd3 22. Ne6 Nxf4 23. gxf4 Kb6 24. Nxd4 Rxd4 25. Rc3 Rf8
26. Rac1 Rd6 27. Bf1 Rg6+ 28. Kh1 Rxf4 29. Bxd3 exd3 30. Rxd3 Rxf2 31. Rg1
Rxg1+ 32. Kxg1 Rxa2 33. Rd7 Rb2 34. Rxg7 Rxb3 35. Rxh7 a5 36. Rh8 Kb5 37.
Ra8 a4 38. Kf2 Kb4 39. Ke2 Rh3 40. Kd2 Kb3 41. Rb8+ Ka2 42. Ra8 Rxh2+ 43.
Kc1 Rh4 44. Kc2 Rc4+ 45. Kd3 Rb4 46. Kc2 a3 47. Ra7 Rc4+ 48. Kd2 Rc8 49.
Rb7 Ka1 50. Rb3 a2 51. Rb7 Rc2+ 1/2-1/2

[Event "EuTCh"]
[Site "Plovdiv BUL"]
[Date "2003.10.11"]
[Round "1"]
[White "Nijboer,F"]
[Black "Borgo,G"]
[Result "1/2-1/2"]
[WhiteElo "2577"]
[BlackElo "2419"]
[EventDate "2003.10.10"]

1. e4 e5 2. Nf3 Nc6 3. Bb5 Nf6 4. O-O Nxe4 5. d4 Nd6 6. Bxc6 dxc6 7. dxe5
Nf5 8. Qxd8+ Kxd8 9. Nc3 Ke8 10. h3 Be7 11. Bg5 Bb4 12. Ne4 h6 13. Bd2 Be7
14. c4 c5 15. Bc3 Be6 16. b3 Rd8 17. Rad1 h5 18. Bb2 a6 19. Rxd8+ Kxd8 20.
Rd1+ Ke8 21. Nc3 h4 22. a4 a5 23. Kf1 b6 24. Rd3 Bd8 25. Bc1 Rh5 26. Ne2
Bc8 27. Nf4 Rh6 28. Nd5 Rh5 29. Nf4 Rh6 30. Nd5 Rg6 31. Bb2 Re6 32. Nd2 Nd4
33. Bxd4 cxd4 34. Rxd4 Rxe5 35. Nf3 Rh5 36. Re4+ Kf8 37. Rd4 Ke8 38. Re4+
Kf8 39. Rd4 Ke8 1/2-1/2

[Event "EuTCh"]
[Site "Plovdiv BUL"]
[Date "2003.10.11"]
[Round "1"]
[White "Kveinys,A"]
[Black "Fedorov,Alex"]
[Result "1-0"]
[WhiteElo "2495"]
[BlackElo "2595"]
[EventDate "2003.10.10"]

1. e4 c5 2. Nf3 Nc6 3. Bb5 e6 4. Bxc6 bxc6 5. Qe2 Ne7 6. d3 Qc7 7. e5 Ng6
8. Na3 Be7 9. h4 f6 10. Nc4 O-O 11. h5 Nxe5 12. Ncxe5 fxe5 13. h6 g6 14.
Nxe5 d6 15. Nc4 e5 16. Bd2 Bf6 17. O-O-O d5 18. Na5 Rb8 19. Bc3 c4 20. dxc4
d4 21. Be1 e4 22. Nb3 Qe5 23. f3 Qf4+ 24. Bd2 e3 25. Be1 c5 26. Nxc5 d3 27.
Nxd3 Qxc4 28. Qxe3 Bd4 29. Qe7 Qxa2 30. Bc3 Bxc3 31. bxc3 Rb7 32. Qe4 Rd8
33. Rh4 Rb1+ 34. Kd2 Be6 35. c4 Rb7 36. Qxe6+ Rf7 37. Rf4 Qa5+ 38. Ke2 1-0

[Event "EuTCh"]
[Site "Plovdiv BUL"]
[Date "2003.10.11"]
[Round "1"]
[White "Sermek,D"]
[Black "Weiss,C"]
[Result "1-0"]
[WhiteElo "2568"]
[BlackElo "2402"]
[EventDate "2003.10.10"]

1. e4 c5 2. c3 g6 3. d4 cxd4 4. cxd4 d5 5. Nc3 dxe4 6. Bc4 Nf6 7. Qb3 e6 8.
d5 exd5 9. Nxd5 Nxd5 10. Bxd5 Qc7 11. Ne2 Bd6 12. Nc3 Be5 13. Nxe4 Nc6 14.
O-O Nd4 15. Qd3 O-O 16. Be3 Qc2 17. Rad1 Ne2+ 18. Kh1 Qxd3 19. Rxd3 Nf4 20.
Bxf4 Bxf4 21. Rf3 Be5 22. Ng5 Kg7 23. Nxf7 Bxb2 24. Rb3 Bd4 25. Nd6 Bxf2
26. Ne4 Bb6 27. Rxf8 Kxf8 28. Rf3+ Kg7 29. Rf7+ Kh6 30. Rf8 Bc7 31. Nf6 Be5
32. Ng4+ 1-0

[Event "EuTCh"]
[Site "Plovdiv BUL"]
[Date "2003.10.11"]
[Round "1"]
[White "Sepp,O"]
[Black "Gustafsson,J"]
[Result "1/2-1/2"]
[WhiteElo "2429"]
[BlackElo "2571"]
[EventDate "2003.10.10"]

1. e4 c6 2. d3 d5 3. Nd2 e5 4. Ngf3 Bd6 5. g3 Nf6 6. Bg2 O-O 7. O-O Re8 8.
b3 a5 9. a3 Nbd7 10. Bb2 Nf8 11. Re1 Ng6 12. exd5 cxd5 13. c4 d4 14. Rc1
Bc5 15. Ng5 Bg4 16. Bf3 Bxf3 17. Qxf3 Qe7 18. h4 h6 19. Nge4 Nxe4 20. Nxe4
Nf8 21. Nxc5 Qxc5 22. Qd5 Qc7 23. c5 Rad8 24. Qc4 Nd7 25. b4 Rc8 26. Qb5
Re6 27. Rc4 Rc6 28. Qa4 Rf8 29. Rec1 Kh7 30. Qc2 Rc8 31. Qe2 f5 32. Qf3 Rf8
33. Qd5 Nf6 34. Qf3 Nd7 35. Qd5 Nf6 36. Qf3 1/2-1/2

[Event "EuTCh"]
[Site "Plovdiv BUL"]
[Date "2003.10.11"]
[Round "1"]
[White "Gyimesi,Z"]
[Black "Claesen,P"]
[Result "1/2-1/2"]
[WhiteElo "2537"]
[BlackElo "2382"]
[EventDate "2003.10.10"]

1. d4 d5 2. c4 c6 3. Nf3 Nf6 4. Nc3 dxc4 5. a4 Bf5 6. Ne5 e6 7. f3 c5 8. e4
cxd4 9. exf5 Nc6 10. Nxc6 bxc6 11. fxe6 fxe6 12. Bxc4 dxc3 13. Qxd8+ Kxd8
14. bxc3 Nd5 15. Kd2 Bd6 16. Kc2 Kd7 17. Bd2 Rhf8 18. Rab1 Rab8 19. Rxb8
Rxb8 20. g3 Ba3 21. Rb1 Rxb1 22. Kxb1 Bc5 23. Bd3 h6 24. Be1 Bg1 25. h3 Ne3
26. c4 Nf5 27. Kb2 Kd6 28. g4 Bd4+ 29. Kb3 Ne3 30. Kb4 Ng2 31. Bg3+ e5 32.
h4 Nf4 33. Bf5 g5 34. h5 Ng2 35. Be4 Bb6 36. Bd3 Bd4 37. Bf1 Nh4 38. Be2
Ng2 39. Bd3 Bb6 40. Bf1 Ne3 41. Bd3 Ng2 1/2-1/2

[Event "EuTCh"]
[Site "Plovdiv BUL"]
[Date "2003.10.11"]
[Round "1"]
[White "Berkes,F"]
[Black "Cekro,E"]
[Result "1-0"]
[WhiteElo "2616"]
[BlackElo "2433"]
[EventDate "2003.10.10"]

1. d4 g6 2. c4 Bg7 3. Nc3 d6 4. Nf3 Nf6 5. e4 O-O 6. Be2 Bg4 7. Be3 Nc6 8.
d5 Bxf3 9. Bxf3 Ne5 10. Be2 c6 11. O-O Qa5 12. f4 Ned7 13. a3 Rfc8 14. b4
Qd8 15. Rc1 cxd5 16. exd5 a5 17. Qb3 Nf8 18. Bf3 axb4 19. axb4 N6d7 20.
Rfd1 Ra6 21. Nb5 b6 22. Bd4 Rca8 23. Bxg7 Kxg7 24. Re1 Nf6 25. Qe3 Ng8 26.
Qc3+ f6 27. Bd1 Qd7 28. Nd4 Ra3 29. Bb3 Re8 30. Qb2 Raa8 31. Re4 e5 32.
dxe6 Nxe6 33. Rd1 Nc7 34. Rxe8 Rxe8 35. c5 bxc5 36. bxc5 d5 37. Qf2 Nh6 38.
h3 Nf5 39. c6 Qc8 40. Kh2 Nxd4 41. Rxd4 Qe6 42. Qd2 Qd6 43. Ba4 Rb8 44. Qa5
g5 45. Qd2 gxf4 46. Qxf4 Qe5 47. Qg3+ Kf7 48. Rh4 Rh8 49. Bc2 h6 50. Bf5
Ke7 51. Rg4 Kd6 52. Rg6 Kc5 53. Bd7 d4 54. Kg1 Ra8 55. Qxe5+ fxe5 56. Bg4
Kc4 57. Rxh6 Kd5 58. h4 e4 59. Rh7 Ra7 60. Re7 e3 61. h5 1-0